Trend TOP v cestovaní

Turizmus na Slovensku. Cestovné kancelárie. Kúpele a aquaparky. Hotely. Letecká doprava. Turizmus vo svete.

Salvato in:
Dettagli Bibliografici
Natura: Capitolo di libro
Lingua:slovacco
Soggetti:
Tags: Aggiungi Tag
Nessun Tag, puoi essere il primo ad aggiungerne!!

MARC

LEADER 00000naa$a2200000$$$4500
001 0113411
005 20231009092127.2
041 0 |a slo 
044 |a SK 
245 1 0 |a Trend TOP v cestovaní 
520 |a Turizmus na Slovensku. Cestovné kancelárie. Kúpele a aquaparky. Hotely. Letecká doprava. Turizmus vo svete. 
610 2 0 |a ruch cestovný 
610 2 0 |a turistika 
610 2 0 |a kancelárie cestovné 
610 2 0 |a kúpele 
610 2 0 |a hotely 
610 2 0 |a doprava letecká 
610 2 0 |a Slovensko 
610 2 0 |a svet